HTML,JAVA SCRIPT,DHTML AND PHP (Record no. 5218)

MARC details
000 -LEADER
fixed length control field 00380nam a22001577a 4500
005 - DATE AND TIME OF LATEST TRANSACTION
control field 20160905170643.0
008 - FIXED-LENGTH DATA ELEMENTS--GENERAL INFORMATION
fixed length control field 160905b xxu||||| |||| 00| 0 eng d
020 ## - INTERNATIONAL STANDARD BOOK NUMBER
ISBN 978-81-8333-008-4
041 ## - LANGUAGE CODE
Language code of text/sound track or separate title eng
100 ## - MAIN ENTRY--AUTHOR NAME
Personal name Bayross,Ivan
245 ## - TITLE STATEMENT
Title HTML,JAVA SCRIPT,DHTML AND PHP
260 ## - PUBLICATION, DISTRIBUTION, ETC. (IMPRINT)
Name of publisher BPB
Year of publication 2010
300 ## - PHYSICAL DESCRIPTION
Number of Pages 539
650 ## - SUBJECT ADDED ENTRY--TOPICAL TERM
Topical Term INFORMATION TECHNOLOGY
942 ## - ADDED ENTRY ELEMENTS (KOHA)
Koha item type Books
Holdings
Lost status Damaged status Collection code Home library Current library Shelving location Date acquired Source of acquisition Cost, normal purchase price Full call number Accession Number Koha item type
    Non-fiction JRU Library JRU Library SHELF-30-B 05/09/2016 PURCHASE 399.00 006.76 21126 Books
    CS/IT JRU Library JRU Library SHELF-53-G 05/09/2016 PURCHASE 399.00 006.76 21127 Books
      JRU Library   SHELF-54-E 05/09/2016 PURCHASE 399.00 006.76 21128 Books
    CS/IT JRU Library JRU Library SHELF-54-E 05/09/2016 PURCHASE 399.00 006.76 21129 Books
    CS/IT JRU Library JRU Library SHELF-54-E 05/09/2016 PURCHASE 399.00 006.76 21130 Books